Statistiques concernant Paroles - On ne change pas - Céline Dion

Cliquez ici pour prendre le quiz!

Statistiques générales

  • Ce quiz a été pris 232 fois
  • Le résultat moyen est 189 sur 272

Statistiques - réponses

Paroles% Correct
change
100%
ne
100%
On
100%
on
100%
pas
99%
pas"
99%
le
98%
Le
98%
les
97%
Les
97%
de
93%
me
92%
a
89%
à
89%
un
89%
Un
89%
soi
88%
sur
88%
Et
86%
et
86%
juste
86%
qui
86%
Qui
86%
ce
83%
Tout
83%
tout
83%
des
82%
une
82%
Une
82%
(Hmmm) Mais
81%
la
81%
81%
met
81%
d'autres
79%
du
79%
ou
78%
Sa
76%
se
76%
costumes
75%
que
74%
petit
73%
peu,
73%
peu
73%
est
71%
Mais
71%
ça
70%
En
70%
qu'on
70%
si
70%
Si
70%
temps
70%
fille
68%
petite
67%
D'un
63%
d'un
63%
toute
63%
tu
63%
nous
62%
grandit
61%
jamais
61%
n'oublie
61%
reste
61%
rêve,
61%
rêve
61%
Je
60%
je
60%
qu'un
58%
voit
58%
doigt
57%
voilà
57%
cache
55%
fait
54%
instant
54%
l'on
54%
nu
54%
regard
54%
moi
52%
ces
51%
près
51%
Quand
51%
pousse
49%
sait
49%
bien
48%
qu'il
48%
croit
47%
quitte
46%
songe
46%
toucher
46%
dans
45%
L'enfant
45%
Elle
44%
Oh,
44%
"Oh,
44%
choix
43%
combat
43%
donne
43%
faire
42%
presque
42%
ressemble
42%
sais
42%
toujours
42%
Tous
42%
veste
42%
savait
41%
bas
40%
instants
40%
valet
40%
d'innocence
39%
parfois
39%
prince
39%
prince,
39%
Sous
39%
trahit
39%
poses
38%
regarder
38%
solitaire
38%
geste
36%
J'ai
36%
l'apparence
36%
répète
36%
Marche
35%
marche
35%
parle
35%
rêves
35%
insolente
34%
Ingrate
33%
moquer
33%
rengaine
33%
s'entête
32%
tellement
30%
airs
29%
j'avais
29%
Tremble
29%
images
28%
disparaît
27%
milliers
27%
attrape
26%
froid
26%
grattes
26%
trait
26%
arrogance,
25%
Charlemagne,
24%
couronne
24%
maquille
24%
oubliant
23%
l'entend
22%
inquiète
21%
neiges
21%
maigre
19%
copié
17%

Distribution des résultats

Percentile par nombre de réponses

% des personnes avec chaque résultat

Votre développement - résultats

Vous n’avez pas pris ce quiz